000 00400pab a2200169 454500
008 180718b2013 xxu||||| |||| 00| 0 eng d
100 _aAhmed, Khaled
245 _aSectarian violence in Pakistan
260 _c2013
300 _ap.40-42.
362 _a30 Mar
650 _aViolence - Pakistan
650 _aViolence
773 _aEconomic and Political Weekly
908 _aN
909 _a99258
999 _c99257
_d99257